EPEX all songs (2024 update) - Statistics

General Stats
  • This quiz has been taken 8 times
  • The average score is 10 of 34
Answer Stats
Hint Answer % Correct
Prelude of anxiety Chapter 1. '21st Century boys' Anthem of teen spirit
86%
BIPOLAR Pt.1 : Prelude of anxiety Lock Down
86%
BIPOLAR Pt.2 : Prelude of love Do 4 Me
71%
Prelude of anxiety Chapter 2. 'Can We Surrender?' Full metal jacket
57%
Prelude of love Chapter 1. ‘Puppy Love’ Hymn to love
57%
Prelude of love Chapter 2. ‘Growing Pains’ Sunshower
57%
BIPOLAR Pt.1 : Prelude of anxiety Cyanide
43%
Prelude of anxiety Chapter 1. '21st Century boys' I'll go first
43%
Youth Chapter 1 : YOUTH DAYS Breathe in Love
29%
BIPOLAR Pt.2 : Prelude of love Breathtaking
29%
Prelude of anxiety Chapter 1. '21st Century boys' Burnout
29%
Prelude of love Chapter 1. ‘Puppy Love’ First love's law
29%
Prelude of love Chapter 1. ‘Puppy Love’ Love bomb
29%
BIPOLAR Pt.2 : Prelude of love Love Virus
29%
Prelude of love Chapter 2. ‘Growing Pains’ My darling
29%
BIPOLAR Pt.1 : Prelude of anxiety No Questions
29%
Prelude of love Chapter 2. ‘Growing Pains’ Skyline
29%
BIPOLAR Pt.2 : Prelude of love Traveller
29%
Youth Chapter 1 : YOUTH DAYS Youth2Youth
29%
Youth Chapter 1 : YOUTH DAYS Dominate
14%
BIPOLAR Pt.1 : Prelude of anxiety Go Big
14%
Prelude of love Chapter 2. ‘Growing Pains’ Goodbye, my first love
14%
Pre-Release(Youth Chapter 1 : Youth Days) Graduation day
14%
Prelude of anxiety Chapter 2. 'Can We Surrender?' Hit The Wall
14%
Youth Chapter 1 : YOUTH DAYS Killshot
14%
Youth Chapter 1 : YOUTH DAYS Lay Up
14%
Prelude of anxiety Chapter 1. '21st Century boys' Lone Wolf
14%
Youth Chapter 1 : YOUTH DAYS My secret
14%
Prelude of anxiety Chapter 2. 'Can We Surrender?' No Roof
14%
Youth Chapter 1 : YOUTH DAYS PainKiller
14%
BIPOLAR Pt.1 : Prelude of anxiety Sling Shot
14%
Prelude of anxiety Chapter 1. '21st Century boys' Strike
14%
Prelude of anxiety Chapter 2. 'Can We Surrender?' Surrender
14%
Prelude of love Chapter 1. ‘Puppy Love’ The vow
14%
No matching quizzes found
Score Distribution
Percent of People with Each Score
Percentile by Number Answered
Your Score History
You have not taken this quiz